000
00336nam a2200133Ia 4500
008
240624s9999 xx 000 0 und d
041
_a
eng
082
_a
005.8 HEL
100
_a
HELTON RICH
245
_a
MASTERING JAVA SECURITY CRYPTOGRAPHY ALG
260
_c
2002
_a
New Delhi
_b
Wiley Dreamtech India
300
_a
xvi, : 608
365
_c
RS
999
_c
940
_d
940